000 01012nam a2200301 i 4500
003 EG-GICUC
005 20260418150143.0
008 260110r19561969fr ||||fr|||| 000 0 Fre d
040 _aEG-GiCUC
_bfre
_cEG-GiCUC
_dEG-GiCUC
_eRda
041 0 _afre
082 0 4 _221
_a342.0449
_bE L . H
092 0 4 _221
099 _aLaw1 11 342.0449 E L . H 1969
100 1 _aELLUL, JACQUES
_eAuteur
245 1 0 _aHistoire des Institutions.
_nvolume 4 :
_p XVI-XVIII° siècle /
_cJACQUES ELLUL.
264 3 _aPARIS :
_bPRESSES UNIVERSITAIRES DE FRANCE,
_c1969.
300 _a288 page, pages non numérotées ؛
_c22 cm.
336 _2rda contenu
_a texte
337 _2rda medias
_aOrdinateur
338 _2 transporteur rda
_a Ressource en ligne
490 1 _asceinces politiques.
546 _aTexte en français
650 1 _aFinances publiques et législation fiscale
_2qrmak
651 1 _2qrmak
856 4 0 _uhttps://fll.law.cu.edu.eg/fulltext/bks/B11-10240.pdf
905 _a62
942 _2ddc
_cBK
_e21
_n0
999 _c55996
_d55996